000 01633nam a22003257a 4500
005 20130926173613.0
010 _aENG-104282
020 _a9780071332545
_c475.00
020 _a0071332545
_c475.00
035 _aEN -87815
035 _aB-492123-126
037 _bDBAD/PUB
037 _bVirtouos Pub/Ven
082 _a650.1
100 _aBishop, Russell
245 _aWorkarounds that work :
_cRussell Bishop.
_bhow to conquer anything that stands in your way at work /
260 _aNew Delhi
_bTata McGraw Hill
_c2011
270 _a7 West Patel Nagar
_bNew Delhi
_e110008
300 _axii,244p.
_c24cm(pbk)
500 _aIncludes index
505 _aIt all starts with you -- Getting the right things done -- Misaligned leadership and unclear direction -- How you frame the problem is the problem -- Communication and action -- Accountability and response-ability -- Breakdowns between silos -- When cultures clash -- Stop deciding and start choosing -- Moving beyond consensus -- Are you a corporate fire fighter? -- When the best and brightest are wrong -- Making the most of meetings -- The email avalanche -- When the process gets in the way -- Overcoming criticism, complaints, and resistance -- Multi-tasking our way to oblivion.
610 _aVanguard Group of Investment Companies.
650 _aOrganizational effectiveness.
650 _aPerformance.
650 _aProblem solving.
650 _aWorkflow.
650 _aManagement.
942 _2ddc
_cEN
_mBIS
_h650.1
999 _c58951
_d58951